[Event "20th Dubai Open 2018"]
[Site "Dubai"]
[Date "2018.04.03"]
[Round "1"]
[White "Kryvoruchko, Yuriy"]
[Black "Othman, A  Moussa"]
[Result "1-0"]
[WhiteElo "2703"]
[BlackElo "2251"]
[Annotator "TA"]
[PlyCount "62"]
[EventDate "2018.??.??"]
[EventType "swiss"]
[EventCountry "UAE"]
[SourceTitle "playchess.com"]
[Source "ChessBase"]
[SourceQuality "1"]

{[%evp 16,62,59,56,77,53,44,44,52,47,50,14,26,27,59,24,23,-39,-42,-50,-54,-54,-64,-77,-34,-30,-23,-29,99,95,90,104,137,135,172,168,172,173,182,184,268,258,285,256,250,226,306,208,1077]} 1. e4 c6 2. d4 d5 3. e5 Bf5 4. Nf3 e6 5. Be2 c5 6. O-O Ne7 7. dxc5 Nd7 8. c3 Nc6 {B12: Caro-Kann: Advance Variation} 9. b4 {LiveBook: 10 Games} Be7 $146 ({Find the theoretical novelty and annotate with similar games:} 9... a5 10. Nd4 Bg6 11. b5 Ncxe5 12. f4 Nc4 13. c6 bxc6 14. bxc6 Nf6 15. Qa4 Bc5 16. Na3 {0-1 (26) Dominguez Perez,L (2739)-So,W (2788) Saint Louis 2017}) 10. Bf4 g5 {White is slightly better.} 11. Be3 Ncxe5 12. Nxe5 Nxe5 13. Bd4 Bf6 14. Nd2 a5 15. Qa4+ Kf8 16. bxa5 (16. b5 $11) 16... Rxa5 $15 17. Qb4 {Strongly threatening c6+.} Nc6 $1 {[%cal Rc6b4]} 18. Bxf6 Qxf6 19. Qb6 {[#]} Kg7 $1 ({Don't play} 19... Qxc3 $6 20. Nb3 $14) 20. Nb3 Raa8 21. Qxb7 Na5 (21... Rhc8 $11) 22. Nxa5 $16 Rxa5 23. Qb4 Raa8 24. Bb5 Rhb8 {With the idea ...Bd3!} 25. a4 Bd3 26. Rfd1 Bc4 27. c6 Qf4 (27... h6 $142 28. Qc5 Rc8 29. Bxc4 dxc4) 28. Qc5 $18 Ra5 {[%cal Rc4b5]} 29. Rab1 Rc8 30. Rb4 Qf6 31. Qe3 Ra7 $2 {Precision: White = 56%, Black = 31%.} (31... Qf4 32. Qxf4 gxf4 33. Bxc4 dxc4 34. Rxc4 Rc7) 1-0

[Event "20th Dubai Open 2018"]
[Site "Dubai"]
[Date "2018.04.03"]
[Round "1"]
[White "Amin, Bassem"]
[Black "Ranaldi, Lucas"]
[Result "1-0"]
[WhiteElo "2700"]
[BlackElo "2226"]
[Annotator "TA"]
[PlyCount "109"]
[EventDate "2018.??.??"]
[EventType "swiss"]
[EventCountry "UAE"]
[SourceTitle "playchess.com"]
[Source "ChessBase"]
[SourceQuality "1"]

{[%evp 14,109,15,-15,-6,-4,-1,-19,-10,0,10,0,4,0,8,-18,8,12,21,4,31,31,82,85,73,45,94,99,102,92,109,95,99,101,95,47,69,75,85,79,80,84,94,18,15,20,18,8,0,0,0,0,45,55,97,85,85,94,139,130,132,82,153,127,167,141,189,127,126,112,110,87,119,113,110,107,110,110,122,114,261,260,263,264,271,260,254,269,259,254,283,216,250,184,420,409,489,463]} 1. e4 c6 2. d3 d5 3. Nd2 g6 4. Ngf3 Bg7 5. g3 e5 6. Bg2 Ne7 7. O-O O-O 8. b3 {LiveBook: 20 Games} a5 {B10: Caro-Kann: 2 d3 and 2 c4} 9. Bb2 d4 $146 ({Predecessor:} 9... Qc7 10. Qe2 d4 11. a4 Na6 12. Ba3 Nb4 13. Nc4 h6 14. Qd2 c5 15. Ne1 Be6 16. f4 {½-½ (39) Amin,B (2504)-Pantsulaia,L (2596) Yerevan 2006}) 10. c3 c5 {The position is equal.} 11. cxd4 exd4 12. a4 Nbc6 13. Nc4 Rb8 14. Na3 f6 15. Nd2 Be6 (15... Ne5 $5 {[%cal Re5d3]}) 16. Ndc4 Na7 17. Bc1 b5 (17... Nac6 $14) 18. axb5 $16 Nxb5 19. Bf4 Nxa3 20. Rxa3 Rb5 21. Qd2 Nc6 22. Rfa1 Qd7 23. h4 Ra8 24. Qc1 Nb4 25. Qd1 Nc6 26. e5 fxe5 27. Bxe5 Bd5 {[#]} 28. Bd6 (28. Bxd5+ $1 $16 Qxd5 29. Bc7) 28... Bxg2 $11 29. Kxg2 Bf8 30. Qf3 {Threatens to win with Qd5+.} Bxd6 31. Qd5+ Kg7 {[#] aiming for ...Rd8.} 32. Qxd6 ({Don't blunder} 32. Nxd6 $2 Rd8 $19) 32... Qxd6 (32... Rd8 {with more complications.} 33. Qxd7+ Rxd7 34. Kf1 Kf6 35. Nd2 Ke5) 33. Nxd6 Rb4 34. Ne4 Rb5 35. Rc1 Rab8 36. Nxc5 Nb4 37. Rc4 Kg8 ({Better is} 37... Re8) 38. Ra1 Rd8 39. Ne6 Rd7 40. Rc8+ (40. Nxd4 $18 Rbd5 41. Nc6) 40... Kf7 $16 41. Nc5 Re7 42. Rc1 Re8 43. Rc7+ Re7 44. Ne4 $36 {[%mdl 2048] White is really pushing.} Rbe5 45. Ng5+ Kg7 46. Nf3 R5e6 (46... Re2 $16 {might work better.} 47. Nxd4 Na6 48. Rxe7+ Rxe7) 47. Nxd4 $18 Re5 48. Nf3 Re2 49. d4 {[%cal Bd3d4,Bd4d5][%mdl 32]} Rxc7 50. Rxc7+ {KRN-KRN} Kg8 51. Ne5 Rd2 52. Rd7 Nc2 53. Nc4 Rd1 $2 (53... Rxd4 {is a better defense.} 54. Rc7 Rd5 55. Nxa5 Ne1+ 56. Kf1 Nd3) 54. d5 Ne1+ 55. Kf1 {Precision: White = 61%, Black = 39%.} 1-0

[Event "20th Dubai Open 2018"]
[Site "Dubai"]
[Date "2018.04.03"]
[Round "1"]
[White "Akopian, Vladimir"]
[Black "Mohannad, Farhan"]
[Result "1-0"]
[WhiteElo "2667"]
[BlackElo "2219"]
[Annotator "TA"]
[PlyCount "82"]
[EventDate "2018.??.??"]
[EventType "swiss"]
[EventCountry "UAE"]
[SourceTitle "playchess.com"]
[Source "ChessBase"]
[SourceQuality "1"]

{[%evp 14,82,5,0,4,4,8,-10,0,-15,45,51,44,-33,-41,-218,-236,-228,-225,-324,-309,-312,-319,-333,-326,-337,-337,-335,-335,-385,-377,-366,-375,-489,-504,-501,-494,-555,-539,-599,-604,-597,-568,-604,-572,-567,-560,-612,-605,-598,-475,-473,-471,-520,-510,-604,-597,-593,-591,-804,-801,-756,-710,-915,-891,-861,-843,-29978,-29979,-29976,-29973]} 1. d4 Nf6 2. Nf3 d5 3. Bf4 e6 4. e3 c5 5. c3 Nc6 6. Nbd2 Be7 7. Bd3 O-O 8. O-O {LiveBook: 6 Games} c4 {D02: 1 d4 d5 2 Nf3 sidelines, including 2...Nf6 3 g3 and 2...Nf6 3 Bf4} (8... b6 9. Qe2 Bb7 10. Ne5 {½-½ (10) Sergeev,V (2443)-Kononenko,D (2616) Marianske Lazne 2017}) 9. Bc2 Nh5 10. Be5 f6 $146 {The position is equal.} ({Predecessor:} 10... Nf6 11. e4 Ng4 12. exd5 exd5 13. Bf4 Nf6 14. h3 Bd6 15. Bxd6 Qxd6 {1-0 (43) Pidluznij,G (1701)-Civilis,K (1373) Kaunas 2017}) 11. Qb1 g6 ({Black should play} 11... h6 $11) 12. Bxg6 $1 $14 fxe5 13. Bxh7+ (13. Bxh5 $14 e4 14. Ne1) 13... Kh8 $15 {Strongly threatening ...e4.} 14. Qg6 $2 {[#]} (14. Bg6 $15) 14... Nf6 $1 $19 {[%cal Rf6h7]} 15. Ng5 {[#] aiming for Bg8!} Qe8 $1 16. f4 (16. Qh6 $142 Qh5 17. Qxh5 Nxh5 18. Bg6) 16... Qxg6 17. Bxg6 e4 18. Ngxe4 dxe4 19. Bxe4 Nxe4 20. Nxe4 Bd7 21. b3 cxb3 22. axb3 a5 23. Nc5 Bxc5 24. dxc5 e5 25. Ra3 Be6 26. Rd1 exf4 27. exf4 Rxf4 28. b4 Rc4 29. Rd6 Bg8 30. h3 Ra7 31. b5 Rxc5 32. bxc6 Rxc6 33. Rd7 a4 34. c4 Be6 35. Re7 Kg8 36. Rd3 {[%cal Rd3d8]} Kf8 37. Rh7 Bf7 38. Rd7 Rf6 39. c5 a3 {[%cal Ba4a3,Ba3a2][%mdl 32]} 40. c6 a2 41. Rd8+ Ke7 {[%mdl 32768] Precision: White = 38%, Black = 89%. . Sensor Board Error (Ke4/e5)?} 1-0

[Event "20th Dubai Open 2018"]
[Site "Dubai"]
[Date "2018.04.02"]
[Round "1"]
[White "Akopian, Vladimir"]
[Black "Mohannad, Farhan"]
[Result "0-1"]
[WhiteElo "2667"]
[BlackElo "2219"]
[Annotator "TA"]
[PlyCount "79"]
[EventDate "2018.??.??"]
[EventType "swiss"]
[EventCountry "UAE"]
[SourceTitle "playchess.com"]
[Source "ChessBase"]
[SourceQuality "1"]

{[%evp 15,79,-52,-35,-60,-49,-97,-90,-93,-77,-83,-72,-80,-80,-102,-95,-95,-81,-106,-98,-169,-174,-254,-258,-266,-208,-221,-187,-231,-204,-195,-208,-285,-262,-482,-481,-471,-473,-540,-517,-583,-595,-631,-616,-739,-720,-745,-744,-1513,-968,-1104,-868,-900,-877,-862,-878,-890,-878,-883,-854,-862,-847,-930,-963,-920,-841,-751]} 1. e4 c5 2. d3 Nc6 3. g3 d5 4. Nd2 Nf6 5. Bg2 e5 6. Ngf3 Be7 7. O-O O-O 8. h3 Re8 {LiveBook: 4 Games. A08: King's Indian Attack} 9. c3 d4 $146 ({Find the theoretical novelty and annotate with similar games:} 9... Rb8 10. a4 Bf8 11. exd5 Nxd5 12. Re1 f6 13. a5 Be6 14. a6 b5 15. Nh2 Qd7 16. Ng4 {½-½ (27) Vajda,L (2597)-Lane,G (2362) Sydney 2014}) 10. c4 Bd7 {Black is better.} 11. Ne1 g6 12. Nc2 Rb8 13. Nf3 a6 14. Bh6 b5 15. Na3 Nh5 16. Rc1 Be6 17. g4 {[#]} (17. Nh2 $17) 17... Ng7 $1 $19 18. Nxe5 (18. Re1 $142) 18... Nxe5 19. f4 bxc4 20. fxe5 cxd3 ({Worse is} 20... Rxb2 21. Nxc4 Bxc4 22. Rxc4 $11) 21. Nc4 Bg5 22. Bxg5 Qxg5 23. Nd6 Red8 ({Stronger than} 23... Qxe5 24. Nxe8 Rxe8 25. Qxd3 $11) 24. Qf3 $2 (24. Qxd3 {was necessary.} Qxe5 25. Nc4 Bxc4 26. Qxc4) 24... d2 {Black is clearly winning.} 25. Rc2 d1=Q 26. Qxd1 Qxe5 27. Nf5 gxf5 28. gxf5 Bxa2 29. f6 {[#] And now Qg4 would win.} Ne6 30. Rf5 Qg3 31. Qh5 c4 {Threatens to win with ...d3.} 32. Rcf2 Qg6 33. Qh4 d3 {White must now prevent ...d2.} 34. Rd2 Rb5 35. Qf2 Nd4 36. Rf4 Rg5 37. Kh2 Ne6 38. Rf3 Kh8 39. h4 Rxg2+ 40. Qxg2 {Precision: White = 37%, Black = 60%.} 0-1

[Event "20th Dubai Open 2018"]
[Site "Dubai"]
[Date "2018.04.03"]
[Round "1"]
[White "Safarli, Eltaj"]
[Black "Zarkovic, Mila"]
[Result "1-0"]
[WhiteElo "2653"]
[BlackElo "2214"]
[Annotator "TA"]
[PlyCount "44"]
[EventDate "2018.??.??"]
[EventType "swiss"]
[EventCountry "UAE"]
[SourceTitle "playchess.com"]
[Source "ChessBase"]
[SourceQuality "1"]

{[%evp 13,44,56,57,-38,-33,-208,-189,-188,-195,-258,-254,-261,-231,-254,-245,-289,-282,-548,-398,-602,-503,-1148,-1138,-1129,-1111,-1083,-1039,-1002,-744,-29998,-1336,-1331,-1328]} 1. d4 Nf6 2. c4 d6 3. Nc3 e5 {[%cal Be7e5,Be5e4][%mdl 32]} 4. Nf3 e4 5. Ng5 Qe7 6. Qc2 {A54: Old Indian Defence with Nf3, but without e4} (6. g3 h6 7. Nh3 c6 8. Nf4 g6 9. Bg2 Bg7 10. e3 Bg4 11. Qc2 Bf5 12. h3 g5 13. Nfe2 Bg6 {½-½ (37) Andreikin,D (2737)-Rakhmanov,A (2667) Tallinn 2016}) 6... Nc6 7. Be3 Bf5 {LiveBook: 3 Games} 8. g4 (8. Nd5 $14 Nxd4 9. Bxd4 Nxd5 10. cxd5 Qxg5 11. e3) 8... Nxg4 $15 9. Ngxe4 $2 (9. h4 $1 $15) 9... Nxe3 $19 10. fxe3 Qh4+ 11. Kd2 {[#]} (11. Kd1 $142 g6 12. Bg2) 11... g6 $1 12. Bg2 Bh6 {And now ...0-0-0 would win.} 13. Raf1 $146 ({Predecessor:} 13. Qa4 O-O {0-1 (22) Niazy,N-Strikovic,A (2467) Dos Hermanas 2003}) 13... Nxd4 14. Qa4+ {[#]} Kf8 $1 15. Kd1 $2 (15. Qa5 c6 16. Qc7) 15... Bxe3 16. Nd5 (16. Nb5 $142) 16... Bxe4 17. Rxf7+ (17. Nxe3 $142 Bxg2 18. Nxg2) 17... Kxf7 18. Qd7+ Kf8 {[%csl Gd4][%cal Re4c2]} 19. Rf1+ Bf5 20. Nxe3 Qe7 21. Nxf5 Qxd7 (21... Qxe2+ $142 22. Kc1 Qc2#) 22. Nxd4+ Kg7 {[%mdl 32768] Sensor Board Error (Ke4/e5)?} 1-0

[Event "20th Dubai Open 2018"]
[Site "Dubai"]
[Date "2018.04.03"]
[Round "1"]
[White "Kovalev, Vladislav"]
[Black "Zhu, Yilun"]
[Result "1-0"]
[WhiteElo "2648"]
[BlackElo "2195"]
[Annotator "TA RC"]
[PlyCount "64"]
[EventDate "2018.??.??"]
[EventType "swiss"]
[EventCountry "UAE"]
[SourceTitle "playchess.com"]
[Source "ChessBase"]
[SourceQuality "1"]

{[%evp 15,64,21,27,15,16,13,17,15,0,16,77,28,17,-13,-3,-31,-14,-32,-28,-26,-24,-28,-20,-52,-39,-31,0,-56,-62,-96,-87,-92,-75,-152,-141,-159,-179,-211,-192,-371,-385,-639,-635,-625,-606,-682,-674,-29981,-883,-29977,-2454]} 1. d4 Nf6 2. c4 e6 3. g3 c5 4. d5 exd5 5. cxd5 d6 6. Nc3 g6 7. Bg2 Bg7 8. Nf3 O-O {LiveBook: 3149 Games} 9. Bf4 {A62: Modern Benoni: Fianchetto Variation without early ...Nbd7} (9. O-O a6 10. a4 Re8 11. Bf4 Qc7 12. h3 Nbd7 13. Qd2 Rb8 14. Rab1 b5 15. axb5 axb5 16. b4 Ne4 17. Nxe4 Rxe4 18. Ng5 Re8 19. Ne4 Rxe4 20. Bxe4 c4 {1-0 (38) Xiong,J (2640)-Onischuk,A (2681) Saint Louis 2018}) 9... Nh5 10. Bg5 f6 $146 ({Predecessor:} 10... Qc7 11. O-O a6 12. a4 Re8 13. Qd2 Nd7 14. g4 Nhf6 15. Qf4 h5 16. h3 hxg4 17. hxg4 {0-1 (34) Parshukov,A-Sheremeta,Y (2153) Syktyvkar 2012}) 11. Bc1 {The position is equal.} Na6 12. O-O Nc7 (12... f5 $11 {remains equal.}) 13. a4 f5 14. h3 Nf6 15. Nd2 b6 $1 16. Nc4 Ba6 17. Qb3 Qd7 18. Bf4 Nh5 19. Bd2 h6 20. Rfe1 Kh8 21. e4 (21. Na3 $11) 21... f4 $15 {[%cal Bf5f4,Bf4f3][%mdl 32]} 22. g4 f3 23. gxh5 gxh5 24. Nb5 ({Better is} 24. Ne2) 24... Bxb5 $17 (24... fxg2 $6 25. Ncxd6 Nxb5 26. Nxb5 $11) 25. axb5 Nxb5 26. Qd3 ({Wrong is} 26. Bxf3 $2 Nd4 $19) 26... Nd4 $40 {[%mdl 1152] Hoping for ...b5. Black has strong compensation. Black attacks with force.} ({Much less strong is} 26... fxg2 27. Kxg2 Nd4 28. f4) 27. Re3 $2 (27. Bf1 {is a better defense.} b5 28. Na3) 27... b5 $19 ({But not} 27... fxg2 28. Kxg2 b5 29. Na5 $19) 28. Na3 $2 (28. Nxd6 c4 29. Qa3) 28... c4 29. Qf1 Be5 {[#] ...Rg8 is the strong threat.} 30. Bc3 {intending Bxd4.} fxg2 31. Qd1 Qg7 (31... Qf7 $142 32. Qe1 Qf4 33. Rg3 Nf3+ 34. Kxg2 Nxe1+ 35. Bxe1 Qxe4+ 36. Kg1 Bxg3 37. Bc3+ Be5 38. Bxe5+ dxe5 39. Rd1 Qe2 40. Ra1 Rg8+ 41. Kh2 Qxf2+ 42. Kh1 Qg2#) 32. Nc2 {[#]} Rxf2 $1 {[%mdl 33280] Precision: White = 24%, Black = 68%. . Loss on Time!?} 1-0

[Event "20th Dubai Open 2018"]
[Site "Dubai"]
[Date "2018.04.03"]
[Round "1"]
[White "Ganguly, Surya Shekhar"]
[Black "Christenson, Flemming"]
[Result "1-0"]
[WhiteElo "2642"]
[BlackElo "2190"]
[Annotator "TA"]
[PlyCount "99"]
[EventDate "2018.??.??"]
[EventType "swiss"]
[EventCountry "UAE"]
[SourceTitle "playchess.com"]
[Source "ChessBase"]
[SourceQuality "1"]

{[%evp 9,99,21,32,36,39,0,13,20,13,8,47,34,48,20,21,21,16,21,9,27,32,8,6,7,26,26,26,26,20,15,18,24,22,4,89,25,25,0,0,0,0,0,0,-31,-10,-172,-172,-336,-77,-262,-95,-1372,-323,-329,-306,-325,-323,-570,-569,-454,-562,-564,-570,-517,-547,-520,-498,-854,-854,-838,-806,-683,0,-101,38,32,27,106,379,343,1347,1327,29975,29975,6025,29964,29989,1624,29990,1593,29997,29998]} 1. e4 g6 2. d4 Bg7 3. Nc3 d6 4. f4 Nc6 5. Bb5 a6 6. Bxc6+ $1 {B06: Modern Defence} bxc6 7. Be3 (7. Nf3 Nf6 8. O-O O-O 9. h3 Rb8 10. Rb1 Bb7 11. Qe1 c5 12. dxc5 dxc5 13. Kh1 Ba8 14. a3 Qc8 15. Qh4 Bxe4 {0-1 (35) Adhiban,B (2655)-Nakamura,H (2781) chess.com INT 2018}) 7... Rb8 8. b3 $146 {The position is equal.} ({Predecessor:} 8. Rb1 c5 9. dxc5 Rxb2 10. Nge2 Rxb1 11. Qxb1 Nf6 12. O-O O-O 13. h3 {0-1 (36) Alvim,A (2236)-Schiller,W (2334) IECC email 1999}) 8... c5 9. Nf3 Nf6 10. dxc5 Bb7 11. e5 Ng4 12. Qe2 dxe5 13. Rd1 Qc8 14. Nxe5 Nxe5 15. fxe5 Bxe5 16. Nd5 $36 {[%mdl 2048] And now Bd4 would win. Black is under pressure.} Bxd5 17. Rxd5 Qe6 18. Rd3 O-O 19. O-O Rfd8 20. Qd2 Rxd3 21. Qxd3 f5 (21... a5 $11) 22. Bf2 (22. Re1 $1 $16 Bf6 23. Bd2) 22... Bf6 $11 23. Re1 Qc6 24. Qc4+ Kf8 25. Re6 Qd7 26. Be3 ({Avoid the trap} 26. Rxa6 $2 Qd1+ 27. Qf1 Qxc2 $19) 26... Kg7 27. Rxa6 $2 (27. h3 $11 {and White has nothing to worry.}) 27... Qd1+ $19 28. Kf2 $2 (28. Qf1 Qxc2 29. Qf2) 28... Rd8 $2 (28... f4 $1 $19 29. Qxf4 (29. Bxf4 $2 Bd4+ 30. Kg3 e5 $19) 29... Rf8) 29. Ra4 $2 (29. Qe2 $17 {keeps fighting.}) 29... g5 $2 (29... e5 $1 $19 {is more deadly. ...f4 is the strong threat.} 30. Qe2 Qh1) 30. g3 $2 {[%mdl 8192] [#]} (30. Qe2 $17) 30... Qh1 $2 (30... f4 $1 {[%mdl 512]} 31. Bxf4 (31. gxf4 g4) 31... gxf4 32. Qxf4 Rd2+ 33. Qxd2 Qxd2+ 34. Kf3 Qxc2) 31. Qf1 Qxh2+ 32. Qg2 Qh5 33. Qf3 $2 (33. g4 Qg6 34. gxf5 Qxf5+ 35. Qf3 Qxc2+ 36. Qe2 Qf5+ 37. Kg2) 33... g4 34. Qg2 Rd1 35. Ke2 Qh3 36. Qf2 Qh1 37. Bd2 Kg6 38. Ra6 (38. Rf4 $142 Ra1 39. Qe3) 38... Rg1 {White must now prevent ...Rg2.} 39. Qf4 Rg2+ 40. Kd3 {[#]} Qh3 $2 (40... c6 $1 $19 {[%mdl 512]} 41. Rxc6 {[#]} Rxd2+ $1 {[%mdl 512]} 42. Kxd2 Qxc6) 41. Kc4 (41. Qg5+ $1 $11 Kf7 42. Qxf5) 41... Rxg3 (41... Rxd2 $17 42. Qxd2 Qxg3) 42. Qg5+ $14 Kf7 43. Qxf5 {Threatens to win with Qe6+.} Rf3 $2 {[%mdl 8192]} (43... Qh1 $16) 44. Qd5+ Kg7 $2 (44... Kg6 45. Qg8+ Kf5) 45. Ra8 $18 {[%csl Ga8][%cal Rd5g8]} Qf1+ 46. Kb4 {[%csl Ga8][%cal Rd5g8]} Rf4+ 47. c4 e5 48. Rg8+ Kh6 49. Bxf4+ (49. Qf7 $142 Qd3 50. Bxf4+ exf4 51. Qxf6+ Qg6 52. Rxg6+ hxg6 53. Qxf4+ Kh5 54. Qxc7) 49... Qxf4 50. Qh1+ {Precision: White = 40%, Black = 43%.} 1-0

[Event "20th Dubai Open 2018"]
[Site "Dubai"]
[Date "2018.04.03"]
[Round "1"]
[White "Sethuraman, S P"]
[Black "Senthil Maran K"]
[Result "1-0"]
[WhiteElo "2631"]
[BlackElo "2178"]
[Annotator "TA"]
[PlyCount "100"]
[EventDate "2018.??.??"]
[EventType "swiss"]
[EventCountry "UAE"]
[SourceTitle "playchess.com"]
[Source "ChessBase"]
[SourceQuality "1"]

{[%evp 16,100,38,42,43,36,39,31,37,0,10,0,7,0,5,0,21,10,39,0,0,0,14,0,0,-7,-8,-6,-9,-8,-15,-19,0,-27,-14,-25,-11,-33,-28,-28,-7,-13,-7,-9,0,0,0,0,0,-10,0,-88,-85,-95,-85,-92,-93,-88,-86,-86,-80,-80,-80,-92,-91,-90,-71,-84,-81,-84,-49,-53,-46,-239,-239,-196,-222,-244,-198,-397,-383,-793,-857,-2415,-2302,-1398,-1385]} 1. Nf3 Nf6 2. c4 g6 3. b3 Bg7 4. Bb2 O-O 5. g3 c6 6. Bg2 d5 7. O-O a5 8. d3 Na6 9. cxd5 {LiveBook: 12 Games. A11: English Opening: 1...c6} Nxd5 10. Bxg7 Kxg7 11. Qd2 {White is slightly better.} a4 12. Nc3 axb3 13. Nxd5 Qxd5 14. Qb2+ f6 15. axb3 Qd6 16. b4 Bd7 {[#]} 17. Rfb1 $146 Nc7 18. Nd2 Nb5 19. Nc4 Qc7 20. Rxa8 Rxa8 21. Ra1 Rxa1+ 22. Qxa1 Be6 23. Na5 Bf7 24. d4 Qb6 25. e3 Nc7 26. Qc3 Na6 27. Bf1 Nxb4 28. Qc5 $1 {[%cal Rc5b6]} Qxc5 29. dxc5 $11 {[%mdl 4096] Endgame KBN-KBN} f5 30. Nxb7 Kf6 31. f4 Ba2 32. Bg2 Ke6 33. e4 (33. Kf2 $11 {keeps the balance.}) 33... fxe4 $1 $17 34. Bxe4 Bd5 35. Bb1 Kd7 $1 36. Kf2 Kc7 $1 {[%cal Rc7b7]} 37. Na5 Na6 38. Ke3 Nxc5 {Strongly threatening ...Kb6.} 39. Kd4 Nd7 40. Bd3 e6 41. Nc4 c5+ 42. Ke3 Bxc4 43. Bxc4 {KB-KN} Kd6 44. g4 $2 ({White should play} 44. Ke4 $15) 44... Nb6 $19 45. Bd3 Nd5+ 46. Kf3 {[#]} e5 $1 47. f5 $2 {[#]} (47. fxe5+ {keeps fighting.} Kxe5 48. h4) 47... g5 $1 48. h4 $2 (48. Be2 Nf6 49. Ke3) 48... h6 {[%cal Bh7h6,Bh6g5][%mdl 32] Black is clearly winning.} 49. hxg5 hxg5 50. Bc4 Nf6 {[%mdl 32768] Precision: White = 36%, Black = 64%. . Loss on Time!?} 1-0

[Event "20th Dubai Open 2018"]
[Site "Dubai"]
[Date "2018.04.03"]
[Round "1"]
[White "Yilmaz, Mustafa"]
[Black "Makropoulou, Marina"]
[Result "1-0"]
[WhiteElo "2626"]
[BlackElo "2167"]
[Annotator "TA"]
[PlyCount "72"]
[EventDate "2018.??.??"]
[EventType "swiss"]
[EventCountry "UAE"]
[SourceTitle "playchess.com"]
[Source "ChessBase"]
[SourceQuality "1"]

{[%evp 31,72,106,103,110,81,67,60,47,63,48,63,57,70,0,-2,-77,0,0,0,-64,13,-55,-49,-143,-100,-104,35,-189,-153,-300,-304,-891,-891,-881,-847,-864,-826,-1564,-1479,-1649,-1471,-29998,-29999]} 1. d4 Nf6 2. c4 c5 3. d5 b5 4. cxb5 a6 5. bxa6 g6 6. Nc3 Bxa6 7. Nf3 Bg7 8. g3 O-O 9. Bg2 d6 10. O-O Nbd7 11. Rb1 Qa5 12. Bd2 Bb7 {A58: Benko/Volga Gambit: Lines with 5 bxa6} 13. b3 Qa6 14. e4 e6 15. dxe6 fxe6 16. Ng5 d5 {LiveBook: 4 Games} 17. exd5 $1 exd5 18. a4 h6 19. Nf3 {[#]} Ne4 $146 ({Predecessor:} 19... d4 20. Nb5 {½-½ (62) Damljanovic,B (2555)-Ivanisevic,I (2630) Kragujevac 2011}) 20. Nxe4 dxe4 21. Ne1 $1 Qe6 {[#]} 22. Qc1 (22. Nd3 $1 $14 {[%mdl 512]}) 22... Kh7 $11 23. f4 {[#]} (23. Nd3 $11) 23... Bd5 (23... exf3 $1 $17 24. Nxf3 Rxf3 25. Rxf3 (25. Bxf3 $2 {too greedy.} Bd4+ 26. Kh1 Bxf3+ 27. Rxf3 Qd5 $19) 25... Bxf3 26. Bxf3 Rf8) 24. a5 Bxb3 25. Nc2 (25. Bc3 $11 c4 26. Bxg7 Kxg7 27. Rf2) 25... c4 (25... Bc4 $15) 26. Na1 (26. Ne3 $11) 26... Nc5 $15 {Strongly threatening ...Nd3.} 27. Qa3 ({Better is} 27. Nxb3 $15 Nxb3 28. Qc2) 27... Bd4+ $17 28. Kh1 Rfb8 (28... e3 $17 29. Bb4 Rfc8 30. Nxb3 Nxb3) 29. h3 $2 (29. Bc3 $14 Bxc3 30. Qxc5) 29... Rb5 $36 {[%mdl 2048] And now ...c3 would win. Black has strong initiative.} 30. Nc2 (30. Nxb3 $17 cxb3 31. Bb4) 30... Bg7 $19 {White must now prevent ...c3.} 31. Be3 $2 (31. Na1) 31... Raxa5 32. Qc1 Nd3 33. Qd1 Ra2 34. Nd4 Bxd1 35. Rxb5 Qd7 36. Bxe4 Qxh3+ {[%mdl 32768] Precision: White = 18%, Black = 58%. . Loss on Time!?} 1-0

[Event "20th Dubai Open 2018"]
[Site "Dubai"]
[Date "2018.04.02"]
[Round "1"]
[White "Yilmaz, Mustafa"]
[Black "Makropoulou, Marina"]
[Result "*"]
[WhiteElo "2626"]
[BlackElo "2167"]
[Annotator "TA"]
[PlyCount "51"]
[EventDate "2018.??.??"]
[EventType "swiss"]
[EventCountry "UAE"]
[SourceTitle "playchess.com"]
[Source "ChessBase"]
[SourceQuality "1"]

{[%evp 30,51,24,13,99,93,81,89,103,96,131,132,123,121,132,122,198,179,200,200,276,235,281,282]} 1. d4 d5 2. c4 e6 3. Nc3 Nf6 4. cxd5 exd5 5. Bg5 c6 6. e3 h6 7. Bh4 Be7 8. Qc2 O-O 9. Bd3 Re8 10. Nge2 Ne4 11. Bxe7 Qxe7 12. Bxe4 dxe4 13. Ng3 f5 {D36: Queen's Gambit Declined: Exchange Variation: Main line (5 Bg5 c6 6 Qc2)} 14. O-O Na6 (14... Qg5 15. Rae1 h5 16. Qb3+ Be6 17. Qxb7 Nd7 18. Nge2 Nf6 19. b3 h4 20. Nf4 Bf7 21. Rc1 {1-0 (31) Kuzubov,Y (2640)-Hayrapetyan,H (2489) Al Ain 2015}) 15. f3 Nb4 16. Qd2 {LiveBook: 4 Games} f4 (16... exf3 $11 {remains equal.} 17. Rxf3 f4) 17. exf4 $16 {[%cal Rf3e4]} e3 18. Qd1 Qf7 $146 ({Predecessor:} 18... Be6 19. Re1 Bc4 20. Nce4 e2 21. Qd2 {1-0 (34) Cyborowski,L (2537)-Zielinski,W (2097) Gdansk 2011}) 19. Re1 Qxf4 20. Qb3+ Nd5 21. Nxd5 cxd5 22. Rad1 Kh8 (22... Qf7 $16 23. Rd3 (23. Rxe3 Rxe3 24. Qxe3 Bd7 $16) 23... e2) 23. Qxd5 $18 Be6 24. Qxb7 Bc4 {[#] Threatening ...e2.} 25. Qxg7+ $1 {[%mdl 512]} Kxg7 26. Nh5+ *